| 000 | 00597nam a22001937a 4500 | ||
|---|---|---|---|
| 003 | OSt | ||
| 005 | 20130530193529.0 | ||
| 008 | 130530s2004 sp ||||| |||| 00| 0 spa d | ||
| 020 | _a8488788568 | ||
| 040 | _cCDMR | ||
| 100 | 1 |
_93599 _aArtero Rueda, Manuel |
|
| 245 | 1 | 3 |
_aEl guión en el reportaje informativo _b: un guiño a la noticia _cManuel Artero Rueda |
| 260 |
_aMadrid _bInstituto Oficial de Radio y Televisión _c2004 |
||
| 300 | _a237 p. | ||
| 490 | 0 | _aManuales profesionales | |
| 650 | 0 | 4 |
_93143 _aGuions televisius |
| 650 | 0 | 4 |
_93352 _aReportatges _vManuals, guies, etc. |
| 942 |
_2udc _cMON |
||
| 999 |
_c6362 _d6362 |
||